| 000 | 00620nam a2200205Ii 4500 | ||
|---|---|---|---|
| 001 | 13497 | ||
| 003 | CO-ViMGA | ||
| 008 | 241108s9999||||xx |||||||||||||| ||und|| | ||
| 040 |
_aCO-ViMGA _bspa _erda _cCO-ViMGA |
||
| 041 | 0 | _aspa | |
| 082 | 0 | 4 | _aF.FC 342.03 - C36c |
| 100 | 1 |
_aManuel José Cepeda _949979 |
|
| 245 | 1 | 0 |
_aLa constituyente por dentro: _bMitos y realidades |
| 264 | 1 | _aBogotá, Colombia : Imprenta Nacional, 1993 | |
| 300 | _avolumen | ||
| 336 |
_atext _btxt _2rdacontent |
||
| 337 |
_aunmediated _bn _2rdamedia |
||
| 338 |
_avolume _bnc _2rdacarrier |
||
| 940 | _aidficha_siabuc: 13199. -- ficha_no_siabuc:13497 | ||
| 999 |
_c44657 _d44657 |
||